Worst Murderers by proven victims - Statistics

General Stats
  • This quiz has been taken 6 times
  • The average score is 1 of 8
Answer Stats
Hint Serial Killer % Correct
110 victims, Colombia, Peru, Ecuador Pedro Lopez
80%
138 victims, Colombia, Venezuela, Ecuador Luis Garavito
20%
78 victims, Russia Mikhail Popkov
20%
67 victims, China Yang Xinhai
20%
72 victims, Colombia, Ecuador, Brazil Daniel Camargo Barbosa
0%
100 victims, Pakistan Javed Iqbal
0%
70 victims, India Kampatimar Shankariya
0%
71 victims, Brazil Pedro Rodrigues Filho
0%
No matching quizzes found
Score Distribution
Percent of People with Each Score
Percentile by Number Answered
Your Score History
You have not taken this quiz